=LDR 00000nam 2200000 4500 =001 INLIS000000000015134 =005 20130612110420 =008 ***********************************Ind** =035 ##$$0010-061300000015134 =041 ##$$a Ind =082 ##$$a 372.6 =090 ##$$a 372.6, QOM-b =100 ##$$a Qomarudin =245 ##$$a Bahasa Indonesia 2c, Pendidikan Dasar 9 tahun untuk kelas 2 Sekolah Dasar caturwulan III sesuai dengan kurikulm 1994, Drs. Qomarudin, Rujianto =260 ##$$a 1997 $b Surakarta =300 ##$$a IV 64 hlm, Ilus, 22 cm =650 ##$$a Pendidikan Dasar-Bahasa Indonesia =850 ##$$a NBPNMAT